MARC

LEADER 00000nab a2200000 a 4500
001 vtls000089455
003 SK-MaSNL
005 20260304223133.0
008 111103c1981 xo 0 slo
015 |a SNBRB19rr/mm-uuuuu 
035 |a CL0099558 
040 |a SNKBUCL  |b slo  |c SNKBUCL  |e AACR2 
041 0 |a slo 
044 |a xo  |c SK 
080 |a 885.4-7  |2 1981 
100 1 |a Korbell, Tibor,  |d 1935-1983  |4 aut  |9 257084 
245 1 0 |a Miniatúry  |c Tibor Korbell 
655 7 |a články z novín a časopisov  |2 snkbucl  |9 267496 
655 7 |a články z odboru literárna veda a krásna literatúra  |2 snkbucl  |9 770045 
655 7 |a humoristické poviedky  |2 snkbucl  |9 278484 
655 7 |a slovenské poviedky  |2 snkbucl  |9 70226 
700 1 |a Korbell, Tibor,  |d 1935-1983  |4 aut  |9 257084 
773 0 |t Roháč  |g Roč. 34, č. 13 (1981), s. 7 
850 |a Slovenská národná knižnica 
852 |a Slovenská národná knižnica 
958 |a RK 
958 |a LX 
992 |a RBX 
999 |c 3166521  |d 3168451